Plenitud de la Salvación (Registro nro. 52269)
[ vista simple ]
| 000 -LÍDER | |
|---|---|
| Campo fijo de descripción fija | 00629aab a2200193 4500 |
| 001 - NÚMERO DE CONTROL | |
| Campo de control | 768714001 |
| 003 - IDENTIFICADOR DEL NÚMERO DE CONTROL | |
| Campo de control | CO-MdFUSB |
| 005 - FECHA Y HORA DE LA ULTIMA TRANSACCIÓN | |
| control field | 20250820160205.0 |
| 008 - ELEMENTOS DE LONGITUD FIJA -- INFORMACIÓN GENERAL | |
| Campo fijo de descripción fija -- Información general | 250820t1997 ag u|||| |||| 00| 0 spa d |
| 040 ## - FUENTE DE CATALOGACIÓN | |
| Idioma de catalogación | spa |
| Agencia que realiza la transcripción | CO-MdFUSB |
| 041 ## - CÓDIGO DE IDIOMA | |
| Código de idioma para texto/pista de sonido o título separado | spa |
| 100 1# - ASIENTO PRINCIPAL--NOMBRE PERSONAL | |
| Nombre personal | Lenz César, Elben M. |
| Término relacionador | autor |
| 245 10 - TÍTULO | |
| Título | Plenitud de la Salvación |
| Mención de responsabilidad | / Elben M. Lenz César |
| 300 ## - DESCRIPCIÓN FÍSICA | |
| Extensión | Volumen 16, número 3 (julio - septiembre, 1997), Páginas 30 |
| Dimensiones | ; 27 cm |
| 650 #0 - ASIENTO SECUNDARIO DE MATERIA - TERMINO TEMÁTICO | |
| Término temático o nombre geográfico como elemento de entrada | Salvación |
| 9 (RLIN) | 48 |
| 773 0# - ASIENTO DE ITEM FUENTE | |
| Título | Iglesia y Misión |
| Biblionumber | 49402 |
| Itemnumber | 59636 |
| Parte(s) relacionada(s) / Volumen., número. (mes año), páginas | Volumen 16, número 3 (julio - septiembre, 1997), Páginas 30 |
| Enumeración y primera página | Páginas 30 |
| 942 ## - TIPO DE MATERIAL (KOHA) | |
| Tipo de Item KOHA | Artículos de Revista |
| 945 ## - INFORMACIÓN LOCAL DEL REGISTRO | |
| Catalogador | JTF-925 |
No hay ítems disponibles.
